Bon Jovi songs by pictures - Statistics

General Stats
  • This quiz has been taken 50 times
  • The average score is 9 of 16
Answer Stats
Picture Answer % Correct
You give love a bad name
96%
Wanted dead or alive
89%
It's my life
87%
Livin' on a prayer
80%
Bad medicine
73%
Bed of roses
73%
Keep the faith
71%
Never say goodbye
58%
Runaway
56%
Shot through the heart
49%
Lay your hands on me
38%
Roulette
36%
Dry county
31%
Burning for love
13%
King of the mountain
11%
Only lonely
7%
No matching quizzes found
Score Distribution
Percent of People with Each Score
Percentile by Number Answered
Your Score History
You have not taken this quiz